Gaming Quiz

Random Gaming or Video Games Quiz

Tekken Characters Quiz Stats

 Plays Quiz Updated Dec 9, 2019

Support Sporcle.
Go Orange.
Score 0/94 Timer 10:00
4 Plays Today
First Appearance Character % Correct
Tekken 3Jin Kazama
85.8%
Tekken 3King II
81.3%
TekkenKing
81.3%
TekkenPaul Phoenix
79.7%
TekkenNina Williams
78.2%
Tekken 3Eddy Gordo
78%
TekkenJack
77.3%
TekkenMarshall Law
77.2%
TekkenYoshimitsu
75.9%
Tekken 3Forrest Law
74.4%
TekkenHeihachi Mishima
74.1%
TekkenKazuya Mishima
73.1%
TekkenAnna Williams
70.8%
TekkenDevil
70.2%
Tekken 3Panda
69.7%
TekkenLee Chaolan
69.6%
Tekken 2Lei Wulong
67.6%
Tekken 2Jun Kazama
64.8%
Tekken 3Kuma Jr.
64.5%
TekkenKuma
64.5%
TekkenArmor King
62.7%
Tekken 4Steve Fox
62.4%
Tekken 7Master Raven
61%
Tekken 3Ling Xiaoyu
59.9%
Tekken 3Hwoarang
59.7%
Tekken 3Bryan Fury
59.5%
Tekken 3Ogre
59.5%
Tekken 2Jack-2
58.8%
Tekken 4Christie Monteiro
58.1%
Tekken 2Roger
57.6%
Tekken 7Akuma
57.5%
Tekken 7Jack-7
56.8%
First Appearance Character % Correct
Tekken 3Julia Chang
56.1%
Tekken 2Angel
55.9%
Tekken 7Kazumi Mishima
52.9%
Tekken 2Baek Doo San
52.7%
Tekken 3Mokujin
52.2%
Tekken 4Craig Marduk
52.2%
TekkenMichelle Chang
51.8%
Tekken 2Bruce Irvin
51.3%
Tekken 5Jack-5
51.2%
Tekken 3Gun Jack
51.2%
Tekken 5Asuka Kazama
50.1%
TekkenWang Jinrei
50.1%
Tekken 5Devil Jin
49.9%
Tekken 3True Ogre
49.8%
Tekken 2Alex
49.2%
Tekken 3Gon
49.1%
Tekken 7Claudio Serafino
48.5%
Tekken 5Jinpachi Mishima
48.1%
Tekken 5Raven
48.1%
Tekken 4Violet
48%
Tekken 7Lucky Chloe
47.9%
Tekken 7Josie Rizal
47.5%
Tekken 7Negan
47.4%
Tekken 6Bob
47.4%
Tekken 7Geese Howard
47.1%
Tekken 7Noctis Lucis Caelum
46.5%
TekkenKunimitsu
46.2%
Tekken 7Shaheen
46.1%
Tekken Tag TournamentUnknown
45.9%
TekkenPrototype Jack
45.3%
Tekken 7Katarina Alves
45.3%
Tekken 5Emily 'Lili' Rochefort (Dark Resurrection)
45.2%
First Appearance Character % Correct
TekkenGanryu
44.9%
Tekken 6Jack-6
44.8%
Tekken RevolutionEliza
44.7%
Tekken 5Sergei Dragunov (Dark Resurrection)
44.1%
Tekken 7Gigas
43.1%
Tekken 7Lidia Sobieska
42.8%
Tekken 6Lars Alexandersson (Bloodline Rebellion)
42.6%
Tekken 5Feng Wei
42.1%
Tekken 7Leroy Smith
42%
Tekken 6Alisa Bosconovitch (Bloodline Rebellion)
41.6%
Tekken 6Miguel Caballero Rojo
41.4%
Tekken 3Tiger Jackson
40.7%
Tekken Tag Tournament 2Slim Bob
39.4%
Tekken 5Roger Jr.
39.4%
Tekken 6Zafina
38.5%
Tekken 6Leo
38.1%
Tekken Tag Tournament 2Sebastian
38%
Tekken 7Fahkumram
37.3%
Tekken 4Combot
36.3%
Tekken 3Dr. Geppetto Bosconovitch
35.5%
Tekken 6Azazel
32.3%
Tekken Tag TournamentTetsujin
31.5%
Street Fighter × TekkenJack-X
30.8%
Tekken 4Miharu Hirano
26.5%
Tekken 7Devil Kazumi
26.1%
Tekken 6NANCY-MI847J
25.1%
Tekken 7Kunimitsu II
24.4%
Tekken RevolutionKinjin
21.1%
Tekken Card ChallengeCrow
20.2%
Tekken Tag Tournament 2Jaycee
18.8%

You're not logged in!

Compare scores with friends on all Sporcle quizzes.
OR
Log In

From the Vault

Reindeer Consonants

by Flick

Keep your focus and you'll totally sleigh this quiz.
Remove Ads.
Support Sporcle.
Get the best of Sporcle when you Go Orange. This ad-free experience offers more features, more stats, and more fun while also helping to support Sporcle. Thank you for becoming a member.

Show Comments

Extras

Top Quizzes Today


Score Distribution

Your Account Isn't Verified!

In order to create a playlist on Sporcle, you need to verify the email address you used during registration. Go to your Sporcle Settings to finish the process.

Report this User

Report this user for behavior that violates our Community Guidelines.

Details: